International Financial Reporting Standards 2017 Part A (Record no. 115878)

MARC details
000 -LEADER
fixed length control field 00860cam a22002295a 4500
001 - CONTROL NUMBER
control field L159413
008 - FIXED-LENGTH DATA ELEMENTS--GENERAL INFORMATION
fixed length control field 170512s2017 xxk f 000 0 eng d
020 ## - INTERNATIONAL STANDARD BOOK NUMBER
International Standard Book Number 9781911040453
035 ## - SYSTEM CONTROL NUMBER
System control number (Sirsi) u159413
041 0# - LANGUAGE CODE
Language code of text/sound track or separate title eng
050 04 - LIBRARY OF CONGRESS CALL NUMBER
Classification number 657.3 ISA
110 2# - MAIN ENTRY--CORPORATE NAME
Corporate name or jurisdiction name as entry element International Accounting Standards Board
9 (RLIN) 4097
240 ## - UNIFORM TITLE
Uniform title IFRS Standards 2017
245 00 - TITLE STATEMENT
Title International Financial Reporting Standards 2017 Part A
Remainder of title the conceptual framework and requirements
260 ## - PUBLICATION, DISTRIBUTION, ETC.
Place of publication, distribution, etc. London
Name of publisher, distributor, etc. IASB
Date of publication, distribution, etc. 2017
520 ## - SUMMARY, ETC.
Summary, etc. Part A includes the conceptual cramework for financial reporting, the preface and and consolidated text of the IFRS Standards including IAS standards and interpretations as at 1 January 2017.
590 ## - LOCAL NOTE (RLIN)
Local note KA
650 24 - SUBJECT ADDED ENTRY--TOPICAL TERM
Topical term or geographic name entry element INTERNATIONAL FINANCIAL REPORTING STANDARDS
651 #4 - SUBJECT ADDED ENTRY--GEOGRAPHIC NAME
Geographic name International
690 ## - LOCAL SUBJECT ADDED ENTRY--TOPICAL TERM (OCLC, RLIN)
Topical term or geographic name as entry element Finance and taxation
942 ## - ADDED ENTRY ELEMENTS (KOHA)
Suppress in OPAC 0
Holdings
Withdrawn status Lost status Source of classification or shelving scheme Damaged status Not for loan Home library Current library Shelving location Date acquired Total Checkouts Full call number Barcode Date last seen Copy number Price effective from Koha item type
    Dewey Decimal Classification     London London Books 12/05/2017   657.3 INT 30078395 06/08/2019 1 06/08/2019 Book